Tính chất môđun E - đối cốt yếu và E - dịa phương
Các kiến thức chung. Một số tính chất của môđun E - phần phụ và E- nâng. Môđun E- Địa phương và E - phần phụ nhiều.
Bewaard in:
| Hoofdauteur: | |
|---|---|
| Andere auteurs: | |
| Formaat: | Boek |
| Taal: | Vietnamese |
| Gepubliceerd in: |
Đà Nẵng
Đại học Đà Nẵng
2015
|
| Onderwerpen: | |
| Tags: |
Voeg label toe
Geen labels, Wees de eerste die dit record labelt!
|
| Thư viện lưu trữ: | Mạng thư viện Đại học Đà Nẵng |
|---|
| LEADER | 01593nam a2200349 4500 | ||
|---|---|---|---|
| 001 | 000020212 | ||
| 003 | 16657 | ||
| 005 | 20150317110301.0 | ||
| 008 | 150310s2015 viesd | ||
| 041 | |a vie | ||
| 082 | 1 | 4 | |a 512.42 |b ĐO-C |
| 100 | 1 | |a Đoàn Thị Kim Chi | |
| 245 | 1 | |a Tính chất môđun E - đối cốt yếu và E - dịa phương |c Đoàn Thị Kim Chi ; Trương Công Quỳnh hướng dẫn. |k Luận văn Thạc sĩ | |
| 260 | |a Đà Nẵng |b Đại học Đà Nẵng |c 2015 | ||
| 300 | |a 44 tr., phụ lục 3 tr. |c 29 cm. |e Tóm tắt | ||
| 500 | |a Luận văn thạc sĩ Khoa học. Chuyên ngành: Phương pháp toán sơ cấp. Mã số: 60.46.40. | ||
| 520 | 3 | |a Các kiến thức chung. Một số tính chất của môđun E - phần phụ và E- nâng. Môđun E- Địa phương và E - phần phụ nhiều. | |
| 650 | 0 | 4 | |a Lý thuyết môđun |v Luận văn tốt nghiệp |x Tính chất |
| 653 | |a Mô đun E - đối cốt yếu | ||
| 653 | |a Phương pháp toán sơ cấp | ||
| 653 | |a Mô đun E - địa phương | ||
| 700 | 1 | |a Trương Công Thịnh |c TS. |e Hướng dẫn | |
| OWN | |a LSP | ||
| AVA | |a UDN50 |b LSP |d 512.42 ĐO-C |e available |t Error 5001 Not defined in file expand_doc_bib_avail. |f 1 |g 0 |h N |i 0 |k 1 | ||
| 999 | |a From the UDN01 | ||
| AVA | |a UDN50 |b LSP |d 512.42 ĐO-C |e available |t Error 5001 Not defined in file expand_doc_bib_avail. |f 1 |g 0 |h N |i 0 |k 1 | ||
| TYP | |a Monograph | ||
| TYP | |a Printed language | ||
| 980 | |a Mạng thư viện Đại học Đà Nẵng | ||